[Event "Women's Speed Chess Q2"]
[Site "chess.com INT"]
[Date "2020.06.19"]
[Round "9"]
[White "Tarasova, Viktoriya"]
[Black "Injac, Teodora"]
[Result "0-1"]
[WhiteTitle "WIM"]
[BlackTitle "WIM"]
[WhiteElo "2226"]
[BlackElo "2286"]
[WhiteFideId "4175840"]
[BlackFideId "932400"]
[EventDate "2020.06.19"]

1. d4 Nf6 2. c4 g6 3. Nc3 Bg7 4. e4 d6 5. h3 O-O 6. Be3 c5 7. d5 Na6 8. Bd3 e6
9. Nf3 exd5 10. exd5 Nb4 11. Bb1 b5 12. a3 Qa5 13. Nd2 bxc4 14. Nxc4 Qa6 15. b3
Nbxd5 16. Nxd5 Nxd5 17. Qxd5 Bb7 18. Qxd6 Bc3+ 19. Ke2 Bxa1 20. Qxa6 Bxa6 21.
Bd3 Bd4 22. Bxd4 cxd4 23. Kd2 Rab8 24. b4 Bxc4 25. Bxc4 Rfc8 26. Kd3 Rd8 27. Re1
Kf8 28. Re4 Rd6 29. Rxd4 Rbd8 30. Rxd6 Rxd6+ 31. Kc3 Ke7 32. a4 f5 33. b5 Kd7
34. a5 Kc7 35. Kb4 Rd4 36. Kc5 Rd2 37. b6+ axb6+ 38. axb6+ Kb8 39. Bd5 Rxf2 40.
Kd6 g5 41. Ke5 h5 42. Bf3 g4 43. hxg4 fxg4 44. Bd5 h4 45. Bc6 h3 46. gxh3 gxh3
47. Bd5 h2 48. Bc6 Rf1 49. Bd5 h1=Q 50. Bxh1 Rxh1 0-1

[Event "Women's Speed Chess Q2"]
[Site "chess.com INT"]
[Date "2020.06.19"]
[Round "9"]
[White "Belenkaya, Dina"]
[Black "Mamedjarova, Zeinab"]
[Result "1/2-1/2"]
[WhiteTitle "WGM"]
[BlackTitle "WGM"]
[WhiteElo "2297"]
[BlackElo "2274"]
[WhiteFideId "24142654"]
[BlackFideId "13401521"]
[EventDate "2020.06.19"]

1. e4 e5 2. Nf3 d6 3. d4 Nd7 4. Nc3 Ngf6 5. g3 Be7 6. Bg2 O-O 7. O-O c6 8. a4 a5
9. Re1 exd4 10. Nxd4 Nc5 11. Bf4 Re8 12. Nf5 Bxf5 13. exf5 d5 14. g4 d4 15. Ne4
Nd5 16. Be5 Nxe4 17. Rxe4 c5 18. f4 f6 19. c3 fxe5 20. fxe5 Ne3 21. Qb3+ c4 22.
Qxb7 Nxg2 23. Kxg2 dxc3 24. bxc3 Qd2+ 25. Kh1 Rab8 26. Qc6 Qxc3 27. Rf1 Qd3 28.
Qxc4+ Qxc4 29. Rxc4 Rb4 30. Rc7 Bf8 31. f6 gxf6 32. exf6 Re2 33. h3 Rbb2 34. Rd1
Rh2+ 35. Kg1 Rbg2+ 36. Kf1 Rf2+ 37. Kg1 Rfg2+ 38. Kf1 Ra2 39. Kg1 Rxh3 40. Rd8
Rg3+ 41. Kh1 Rxg4 42. Rcc8 Rh4+ 43. Kg1 Rg4+ 44. Kh1 Rh4+ 45. Kg1 Rg4+ 46. Kh1 1/2-1/2

[Event "Women's Speed Chess Q2"]
[Site "chess.com INT"]
[Date "2020.06.19"]
[Round "9"]
[White "Harika, Dronavalli"]
[Black "Bodnaruk, Anastasia"]
[Result "1-0"]
[WhiteTitle "GM"]
[BlackTitle "IM"]
[WhiteElo "2515"]
[BlackElo "2411"]
[WhiteFideId "5015197"]
[BlackFideId "4181751"]
[EventDate "2020.06.19"]

1. e4 c5 2. Nf3 d6 3. Bb5+ Bd7 4. Bxd7+ Qxd7 5. O-O Nc6 6. c4 Nf6 7. Nc3 g6 8.
d4 cxd4 9. Nxd4 Bg7 10. Nc2 O-O 11. Ne3 e6 12. Qe2 a6 13. Rd1 Qc7 14. Bd2 Nd4
15. Qf1 Nd7 16. Rac1 f5 17. exf5 gxf5 18. Nc2 Nxc2 19. Rxc2 Rac8 20. b3 f4 21.
Re1 Rce8 22. Ne4 Ne5 23. Bc3 Rd8 24. Bxe5 Bxe5 25. Qd3 Qg7 26. Qf3 Bd4 27. Rd2
d5 28. Ng5 Bxf2+ 29. Rxf2 Qxg5 30. Rxe6 dxc4 31. bxc4 Qc5 32. Re1 Rd2 33. Rf1
Rf7 34. Qg4+ Kh8 35. h3 Rxf2 36. Rxf2 Qxc4 37. Re2 Qc6 38. Re6 Qc1+ 39. Kh2 Qc8
40. Qe2 Qg8 41. Qe5+ Rg7 42. Re8 1-0

[Event "Women's Speed Chess Q2"]
[Site "chess.com INT"]
[Date "2020.06.19"]
[Round "9"]
[White "Hernandez Bonilla, Amelia"]
[Black "Sucikova, Svetlana"]
[Result "0-1"]
[WhiteTitle "WFM"]
[BlackTitle "WFM"]
[WhiteElo "2016"]
[BlackElo "2171"]
[WhiteFideId "3900193"]
[BlackFideId "14923653"]
[EventDate "2020.06.19"]

1. d4 Nf6 2. Nf3 e6 3. e3 Be7 4. Bd3 b6 5. Nbd2 Bb7 6. O-O d5 7. Ne5 O-O 8. f4
Nbd7 9. Qf3 c5 10. c3 cxd4 11. exd4 g6 12. g4 a6 13. h4 Ne4 14. Nxe4 dxe4 15.
Bxe4 Bxe4 16. Qxe4 Nf6 17. Qg2 Nd5 18. g5 Bd6 19. Ng4 Qc7 20. Qe4 Rae8 21. Nh6+
Kg7 22. Bd2 f6 23. Rac1 fxg5 24. fxg5 Bh2+ 25. Kh1 Qg3 26. Qg4 Qd3 27. Kxh2 Rxf1
28. Rxf1 Qxf1 29. c4 Qf2+ 30. Qg2 Qxg2+ 31. Kxg2 Ne7 32. Bc3 Nf5 33. d5+ Kf8 34.
Ng4 exd5 35. cxd5 Re2+ 36. Kf3 Rc2 37. h5 gxh5 38. Nf6 Ke7 39. Nxh5 Kd6 40. Ke4
Nh4 41. Nf6 Re2+ 42. Kd3 Rg2 43. Nxh7 Kxd5 44. Nf6+ Kc6 45. Ne4 Nf5 46. Bf6 Nd6
47. Nc3 b5 48. b3 b4 49. Ne2 Ne8 50. Ke3 Nxf6 51. gxf6 Rg6 52. Ke4 Rxf6 53. Nd4+
Kb6 54. Nc2 a5 55. Kd4 Rf2 56. Kd3 Rh2 57. a4 bxa3 58. Nxa3 Kc5 0-1

[Event "Women's Speed Chess Q2"]
[Site "chess.com INT"]
[Date "2020.06.19"]
[Round "9"]
[White "Balabayeva, Xeniya"]
[Black "Huda, Maryana"]
[Result "0-1"]
[WhiteTitle "WFM"]
[BlackTitle "WGM"]
[WhiteElo "2146"]
[BlackElo "2128"]
[WhiteFideId "13719688"]
[BlackFideId "14116553"]
[EventDate "2020.06.19"]

1. e4 e5 2. Nf3 Nc6 3. Bc4 Bc5 4. c3 Nf6 5. d4 exd4 6. e5 d5 7. Be2 Ne4 8. cxd4
Bb6 9. O-O Bg4 10. Be3 f6 11. exf6 Qxf6 12. Nc3 Rd8 13. Nxe4 dxe4 14. Bg5 Qg6
15. Bxd8 exf3 16. Bxf3 Bxf3 17. Qxf3 Kxd8 18. d5 Nd4 19. Qh3 Rf8 20. Kh1 Qf5 21.
Qc3 Qxd5 22. Rad1 c5 23. Qh3 h5 24. Rd2 a5 25. Rfd1 Kc7 26. Qg3+ Kc6 27. Qxg7
Rg8 28. Qf6+ Kb5 29. f3 Ka6 30. Qf4 Qxa2 31. Qe4 Qb3 32. Qf4 Qd5 33. Rd3 h4 34.
Qxh4 Qc4 35. Qe1 Qc2 36. R3d2 Qg6 37. Qf1+ Ka7 38. Rf2 Nf5 39. Re2 Rh8 40. Kg1
Qh6 41. g4 c4+ 0-1

[Event "Women's Speed Chess Q2"]
[Site "chess.com INT"]
[Date "2020.06.19"]
[Round "9"]
[White "Dwilewicz, Katarzyna"]
[Black "Hng, Mei-En Emmanuelle"]
[Result "1-0"]
[WhiteTitle "WFM"]
[BlackTitle "WFM"]
[WhiteElo "2120"]
[BlackElo "2029"]
[WhiteFideId "1148486"]
[BlackFideId "5804566"]
[EventDate "2020.06.19"]

1. e4 g6 2. d4 Bg7 3. Nc3 d6 4. f4 Nf6 5. Nf3 O-O 6. e5 dxe5 7. dxe5 Qxd1+ 8.
Nxd1 Ng4 9. h3 Nh6 10. Be3 Nf5 11. Bf2 e6 12. Bc4 Nc6 13. c3 a6 14. g4 Nfe7 15.
O-O Bh6 16. Bg3 b5 17. Bd3 Bb7 18. Be4 Rad8 19. Ne3 Na5 20. Bxb7 Nxb7 21. Rad1
Nc5 22. Rd4 Nc6 23. Rxd8 Rxd8 24. Rd1 Rxd1+ 25. Nxd1 Nd3 26. g5 Bf8 27. Kf1 Nc1
28. a3 a5 29. Ke1 Nb3 30. Nd2 Nc1 31. Ne4 b4 32. a4 bxc3 33. bxc3 Nd3+ 34. Kd2
Nc5 35. Nxc5 Bxc5 36. Nb2 Ne7 37. Nc4 Nf5 38. Bh2 Bb6 39. Nxb6 cxb6 40. Bg1 h6
41. gxh6 Kh7 42. Bxb6 Kxh6 43. Bxa5 Kh5 44. Bd8 Ng3 45. a5 Ne4+ 46. Kd3 Nc5+ 47.
Kc4 Na6 48. Kb5 Nb8 49. Bc7 Nd7 50. a6 Kh4 51. a7 Kxh3 52. a8=Q Kg4 53. Qe4 Nf8
54. f5+ Kg5 55. Bd8+ 1-0

[Event "Women's Speed Chess Q2"]
[Site "chess.com INT"]
[Date "2020.06.19"]
[Round "9"]
[White "Kanyamarala, Trisha"]
[Black "Shuqja, Klean"]
[Result "1-0"]
[WhiteTitle "WIM"]
[BlackTitle "WCM"]
[WhiteElo "2193"]
[BlackElo "1838"]
[WhiteFideId "45004722"]
[BlackFideId "4701585"]
[EventDate "2020.06.19"]

1. d4 Nf6 2. c4 e6 3. Nc3 Bb4 4. e3 O-O 5. Nf3 b6 6. Bd2 Bb7 7. Bd3 d6 8. O-O
Nbd7 9. Rc1 Qe7 10. Re1 Bxc3 11. Bxc3 e5 12. e4 exd4 13. Nxd4 Ne5 14. Nf5 Qe6
15. Nd4 Qg4 16. f3 Qg6 17. Nf5 Rfe8 18. Bf1 Re6 19. h3 Rae8 20. Bd2 Nxf3+ 21.
Qxf3 Bxe4 22. Nh4 Qh5 23. Qxh5 Nxh5 24. g4 Ng3 25. Kf2 Nh1+ 26. Kg1 Ng3 27. Bf4
Nxf1 28. Kxf1 f6 29. Nf5 g6 30. Nd4 R6e7 31. Nb3 Bd3+ 32. Kf2 Be4 33. Nd4 Kg7
34. Nb5 Bc6 35. Nd4 Be4 36. h4 h6 37. Nb5 g5 38. Bg3 gxh4 39. Bxh4 f5 40. gxf5
Rf7 41. f6+ Kh7 42. Re3 1-0

[Event "Women's Speed Chess Q2"]
[Site "chess.com INT"]
[Date "2020.06.19"]
[Round "9"]
[White "Sebag, Marie"]
[Black "Hejazipour, Mitra"]
[Result "0-1"]
[WhiteTitle "GM"]
[BlackTitle "WGM"]
[WhiteElo "2438"]
[BlackElo "2300"]
[WhiteFideId "617822"]
[BlackFideId "12505951"]
[EventDate "2020.06.19"]

1. e4 c5 2. Nf3 d6 3. d4 cxd4 4. Qxd4 Nc6 5. Bb5 Bd7 6. Bxc6 Bxc6 7. Nc3 Nf6 8.
Bg5 e6 9. O-O-O Be7 10. Qd3 h6 11. Bd2 a6 12. Nd4 Qc7 13. Kb1 b5 14. f3 b4 15.
Nce2 a5 16. Nxc6 Qxc6 17. Nd4 Qb7 18. g4 Nd7 19. h4 a4 20. g5 a3 21. b3 Nc5 22.
Qe2 h5 23. Rhe1 g6 24. f4 O-O 25. f5 e5 26. Nf3 Rac8 27. Nh2 Rc7 28. Nf1 Kh7 29.
Ng3 Na6 30. Nxh5 Qc6 31. Rc1 Qc5 32. c4 bxc3 33. Bxc3 Qb6 34. Nf6+ Bxf6 35. gxf6
Rfc8 36. Qd2 Rc6 37. h5 gxf5 38. Qg5 Rg8 39. Qxf5+ Kh8 40. Rc2 Nb4 41. Bxb4 Rxc2
42. Kxc2 Qxb4 43. Re2 Qc5+ 44. Kd2 Qd4+ 45. Kc2 Qb2+ 46. Kd3 Rg3+ 47. Re3 Qd4+
48. Kc2 Rg2+ 49. Kc1 Qa1# 0-1

[Event "Women's Speed Chess Q2"]
[Site "chess.com INT"]
[Date "2020.06.19"]
[Round "9"]
[White "Charochkina, Daria"]
[Black "Dzagnidze, Nana"]
[Result "1-0"]
[WhiteTitle "IM"]
[BlackTitle "GM"]
[WhiteElo "2356"]
[BlackElo "2524"]
[WhiteFideId "4180917"]
[BlackFideId "13601903"]
[EventDate "2020.06.19"]

1. c4 e5 2. Nc3 Nc6 3. g3 g6 4. Bg2 Bg7 5. e3 d6 6. Nge2 h5 7. h3 Nf6 8. Rb1 a5
9. b3 O-O 10. O-O Bf5 11. d3 Nd7 12. Ne4 Be6 13. d4 exd4 14. exd4 Bf5 15. d5 Nb4
16. Nd4 Bxe4 17. Bxe4 Nxa2 18. Bb2 Nc5 19. Bf3 Nb4 20. Ba1 Qd7 21. g4 hxg4 22.
hxg4 Nbd3 23. Kg2 Ne5 24. Be2 f5 25. gxf5 gxf5 26. f4 Ng6 27. Bh5 Rf6 28. Kg3
Raf8 29. Qf3 Bh6 30. Bxg6 Rxg6+ 31. Kh2 Rg4 32. Rg1 Qg7 33. Nxf5 Bxf4+ 34. Qxf4
Qh7+ 35. Nh6+ Qxh6+ 36. Qxh6 Rf2+ 37. Kh3 Rxg1 38. Rxg1+ Kf7 39. Rg7+ Ke8 40.
Qh8+ Rf8 41. Rg8 Rxg8 42. Qxg8+ Kd7 43. Bf6 Ne4 44. Qd8# 1-0

[Event "Women's Speed Chess Q2"]
[Site "chess.com INT"]
[Date "2020.06.19"]
[Round "9"]
[White "Tomilova, Elena"]
[Black "Tokhirjonova, Gulrukhbegim"]
[Result "1-0"]
[WhiteTitle "WGM"]
[BlackTitle "WGM"]
[WhiteElo "2353"]
[BlackElo "2378"]
[WhiteFideId "4162340"]
[BlackFideId "14203626"]
[EventDate "2020.06.19"]

1. d4 d5 2. c4 e6 3. Nc3 Nf6 4. cxd5 exd5 5. Bg5 Bb4 6. e3 Nbd7 7. Bd3 h6 8. Bh4
c5 9. Nf3 O-O 10. O-O b6 11. Ne5 Bxc3 12. bxc3 Qe7 13. f4 Qd6 14. Qf3 Bb7 15.
Bf5 Rfe8 16. Rad1 Nf8 17. c4 cxd4 18. Rxd4 Ne6 19. Bxe6 Qxe6 20. Rfd1 Nd7 21.
Nxd7 Qxd7 22. cxd5 f5 23. e4 fxe4 24. Rxe4 Rxe4 25. Qxe4 Re8 26. Qg6 Re2 27. Qh5
Rxa2 28. Qe5 Ra5 29. Qe6+ Qf7 30. Qxf7+ Kxf7 31. d6 Bc6 32. d7 Bxd7 33. Rxd7+
Kg6 34. h3 Ra2 35. Bf2 h5 36. g4 hxg4 37. hxg4 Ra4 38. Be3 b5 39. Rxa7 Re4 40.
Ra6+ Kf7 41. Kf2 Rb4 42. Rb6 Rb3 43. Kf3 Rb1 44. f5 b4 45. Rb7+ Kf8 46. Rxb4
Rxb4 47. Bc5+ Kf7 48. Bxb4 g6 49. Ke4 gxf5+ 50. Kxf5 Kg7 51. g5 Kg8 52. Bc3 Kh7
53. Kf6 Kg8 54. g6 Kh8 55. Kf7# 1-0

[Event "Women's Speed Chess Q2"]
[Site "chess.com INT"]
[Date "2020.06.19"]
[Round "9"]
[White "Vantika, Agrawal"]
[Black "Khotenashvili, Bela"]
[Result "0-1"]
[WhiteTitle "WIM"]
[BlackTitle "GM"]
[WhiteElo "2286"]
[BlackElo "2458"]
[WhiteFideId "25050389"]
[BlackFideId "13602640"]
[EventDate "2020.06.19"]

1. d4 Nf6 2. c4 g6 3. g3 Bg7 4. Bg2 c5 5. d5 d6 6. Nc3 O-O 7. Nf3 e6 8. O-O exd5
9. cxd5 Re8 10. Re1 a6 11. a4 Ne4 12. Nxe4 Rxe4 13. Qc2 Rb4 14. Ra2 b5 15. axb5
Rxb5 16. Bd2 Nd7 17. Bc3 Nb6 18. Bxg7 Kxg7 19. e4 Qf6 20. e5 dxe5 21. Nxe5 Bf5
22. Qc3 Nc8 23. g4 Nd6 24. gxf5 Nxf5 25. d6 Rd8 26. d7 Nd4 27. Qc4 a5 28. Qd5
Qf4 29. Nc6 Nxc6 30. Qxc6 Qd2 31. Re7 Qd1+ 32. Bf1 Rb4 33. h3 Rd4 34. Ra3 R8xd7
35. Rxd7 Rxd7 36. Rf3 Qd4 37. Qc8 h5 38. Qc6 Re7 39. Kg2 h4 40. Qb5 Re5 41. Qc4
Rg5+ 42. Kh2 Qd6+ 43. Kh1 f6 44. Qxh4 Qd1 45. Qf4 Qxf1+ 46. Kh2 Qg1# 0-1

[Event "Women's Speed Chess Q2"]
[Site "chess.com INT"]
[Date "2020.06.19"]
[Round "9"]
[White "Bogumil, Tatiana"]
[Black "Zozulia, Anna"]
[Result "1-0"]
[WhiteTitle "WGM"]
[BlackTitle "IM"]
[WhiteElo "2182"]
[BlackElo "2258"]
[WhiteFideId "4110579"]
[BlackFideId "14102110"]
[EventDate "2020.06.19"]

1. Nf3 Nf6 2. c4 g6 3. b3 Bg7 4. Bb2 O-O 5. g3 d6 6. d4 Nbd7 7. d5 c6 8. dxc6
bxc6 9. Bg2 Bb7 10. O-O a5 11. Nc3 Nc5 12. Nd4 Qb6 13. Rb1 e5 14. Nc2 Rad8 15.
e4 Bc8 16. h3 Be6 17. Qe2 Nh5 18. Ne3 Qa7 19. Rbd1 Rd7 20. Rd2 Rfd8 21. Rfd1 Qb8
22. Ba3 Qb6 23. Kh2 Bh6 24. Rc2 Nf6 25. Ng4 Bxg4 26. hxg4 Ne6 27. Na4 Qc7 28.
Bb2 Bg7 29. Rcd2 h5 30. gxh5 Nxh5 31. Bh3 Kh7 32. Kg2 Rh8 33. Bxe6 fxe6 34. Nc5
Rdd8 35. Nxe6 Qe7 36. Nxd8 Rxd8 37. Qg4 Bh6 38. Rd3 Kg7 39. Bc1 Nf6 40. Bxh6+
Kxh6 41. Qh4+ Kg7 42. Rh1 Rg8 43. Qg5 Kf7 44. Rf3 Rg7 45. Rh8 Qe6 46. Ra8 Qe7
47. Qe3 Rh7 48. Ra7 1-0

[Event "Women's Speed Chess Q2"]
[Site "chess.com INT"]
[Date "2020.06.19"]
[Round "9"]
[White "Keetman, Maaike"]
[Black "Pham, Bich Ngoc"]
[Result "1/2-1/2"]
[WhiteTitle "WFM"]
[BlackTitle "WIM"]
[WhiteElo "2169"]
[BlackElo "2235"]
[WhiteFideId "1033697"]
[BlackFideId "12401285"]
[EventDate "2020.06.19"]

1. e4 g6 2. d4 Bg7 3. Nc3 d6 4. Be3 Nc6 5. Qd2 e5 6. Nf3 h6 7. O-O-O exd4 8.
Nxd4 Nf6 9. Nxc6 bxc6 10. e5 Ng4 11. exd6 cxd6 12. Qxd6 Qxd6 13. Rxd6 O-O 14.
Bc4 Bf5 15. h3 Nxe3 16. fxe3 Rfe8 17. e4 Bxe4 18. Nxe4 Rxe4 19. Rxc6 Rae8 20.
Rc7 Rf4 21. Rd1 Rf2 22. Rxa7 Rc8 23. Bb3 Rxg2 24. Bxf7+ Kh7 25. Bb3 Rf8 26. a4
h5 27. Kb1 Kh6 28. Rdd7 Be5 29. h4 Rh8 30. a5 Bg3 31. Bf7 Bxh4 32. Rd6 Bf2 33.
Raa6 h4 34. Rxg6+ Rxg6 35. Rxg6+ Kh7 36. Rg2 Bg3 37. Be6 Re8 38. Bh3 Ra8 39. b4
Be1 40. Rg4 Rb8 41. Kb2 Rxb4+ 42. Rxb4 Bxb4 43. a6 Bc5 44. Kb3 Kg6 45. Kc4 Ba7
46. Kb5 Kf6 47. Kc6 Ke5 48. c4 Kd4 49. Kb5 Bc5 50. Bg4 Ba7 51. Bh3 Bc5 52. Bg4
Ba7 53. Bh3 1/2-1/2

[Event "Women's Speed Chess Q2"]
[Site "chess.com INT"]
[Date "2020.06.19"]
[Round "9"]
[White "Padmini, Rout"]
[Black "Lesbekova, Asel"]
[Result "1-0"]
[WhiteTitle "IM"]
[BlackTitle "WCM"]
[WhiteElo "2370"]
[BlackElo "1920"]
[WhiteFideId "5029295"]
[BlackFideId "13713248"]
[EventDate "2020.06.19"]

1. e4 c5 2. Nf3 Nc6 3. Nc3 e5 4. Bc4 Be7 5. d3 a6 6. O-O h6 7. a3 Nf6 8. Ne1 d6
9. f4 Be6 10. f5 Bxc4 11. dxc4 Qd7 12. Qd3 O-O-O 13. Nd5 Nxd5 14. cxd5 Nb8 15.
b4 cxb4 16. axb4 Bg5 17. c4 Bxc1 18. Rxc1 b6 19. Nc2 Qb7 20. Ne3 Nd7 21. Rf2 f6
22. Ra2 Kb8 23. Rca1 Kc7 24. c5 bxc5 25. Rxa6 Ra8 26. b5 Nb6 27. Nc4 Rxa6 28.
bxa6 Qa7 29. Nxb6 Qxb6 30. Rb1 c4+ 31. Rxb6 cxd3 32. Rb7+ Kc8 33. Kf2 Rg8 34.
Ke3 g6 35. Rf7 Kb8 36. Rxf6 gxf5 37. exf5 Rxg2 38. Kxd3 Ka7 39. Rxh6 Rf2 40.
Rxd6 Rxf5 41. Ke4 Rh5 42. Rc6 Rxh2 43. Kxe5 Re2+ 44. Kd6 Re1 45. Kd7 Rh1 46. Re6
Rd1 47. d6 Kxa6 48. Ke7 Kb7 49. Re2 Rh1 50. d7 Rh7+ 51. Kd6 Rh6+ 52. Re6 Rh8 53.
Re8 Rh6+ 54. Ke5 Rh5+ 55. Kf4 Rh4+ 56. Kg3 Rd4 57. d8=Q 1-0

[Event "Women's Speed Chess Q2"]
[Site "chess.com INT"]
[Date "2020.06.19"]
[Round "9"]
[White "Ziegenfuss, Antonia"]
[Black "Fernandez, Maria Florencia"]
[Result "1-0"]
[WhiteTitle "WFM"]
[BlackTitle "WIM"]
[WhiteElo "2101"]
[BlackElo "2229"]
[WhiteFideId "12962554"]
[BlackFideId "116459"]
[EventDate "2020.06.19"]

1. d4 Nf6 2. c4 g6 3. Nc3 Bg7 4. e4 O-O 5. Be2 d6 6. Be3 e5 7. d5 c6 8. Qd2 cxd5
9. cxd5 Nbd7 10. g4 Nc5 11. f3 a6 12. h4 b5 13. h5 b4 14. Nd1 Ncxe4 15. fxe4
Nxe4 16. Qxb4 Ng3 17. Rh3 Nxe2 18. Nxe2 Rb8 19. Qxb8 Qa5+ 20. Bd2 Qxd5 21. Qb3
Qg2 22. Qg3 Qe4 23. Nf2 Qa4 24. Qh4 Be6 25. hxg6 fxg6 26. Qxh7+ Kf7 27. Rf3+ Ke8
28. Rxf8+ Bxf8 29. Qxg6+ Bf7 30. Qe4 Qb5 31. b3 Bg7 32. Rc1 Kd7 33. Qf5+ Be6 34.
Qd3 Qb7 35. Ba5 e4 36. Qxe4 Qxe4 37. Nxe4 Bd5 38. Rc7+ Ke8 39. Nxd6+ Kf8 40. Nf4
Be5 41. Nxd5 Bxd6 42. Rc8+ Kg7 43. Rd8 Kg6 44. Rxd6+ Kg5 45. Rxa6 Kh4 46. b4 Kg5
47. b5 Kh4 48. b6 Kg5 49. b7 Kh4 50. b8=Q Kg5 51. Qg8+ Kh4 52. Rh6+ Kg3 53. g5
Kf3 54. Qf7+ Ke4 55. Qf4+ Kd3 56. Rh3+ Kc2 57. Qd2+ Kb1 58. Rb3+ Ka1 59. Qb2# 1-0

[Event "Women's Speed Chess Q2"]
[Site "chess.com INT"]
[Date "2020.06.19"]
[Round "9"]
[White "Bivol, Alina"]
[Black "Meenakshi, Subbaraman"]
[Result "0-1"]
[WhiteTitle "WGM"]
[BlackTitle "WGM"]
[WhiteElo "2386"]
[BlackElo "2171"]
[WhiteFideId "4100123"]
[BlackFideId "5004381"]
[EventDate "2020.06.19"]

1. Nf3 d5 2. g3 Nf6 3. Bg2 g6 4. O-O Bg7 5. d4 O-O 6. Nbd2 c6 7. c4 Nbd7 8. b3
Ne4 9. Bb2 Ndf6 10. h3 Be6 11. Ne5 Nxd2 12. Qxd2 Ne4 13. Qe3 Nd6 14. c5 Nf5 15.
Qd2 Qc7 16. b4 f6 17. Nf3 Bf7 18. a4 e5 19. dxe5 fxe5 20. Ng5 Rae8 21. b5 h6 22.
Nxf7 Rxf7 23. bxc6 bxc6 24. e3 e4 25. Rab1 Bxb2 26. Qxb2 Ref8 27. Kh2 h5 28. Kg1
Qe7 29. h4 Qxc5 30. Rfc1 Qd6 31. Qb4 Qf6 32. Rc2 Qe6 33. Rbc1 Ne7 34. Qb7 a5 35.
Qa7 g5 36. hxg5 h4 37. gxh4 Qg4 38. Qc7 Qxh4 39. Qg3 Qxg3 40. fxg3 Rb8 41. Bh3
Kg7 42. Bd7 Rb3 43. Bxc6 Rxe3 44. Kg2 Rff3 45. Bd7 Rxg3+ 46. Kh2 Rxg5 47. Rc7
Re2+ 48. Kh3 Kh6 49. Bg4 Re3+ 50. Kh2 Ng6 51. Bh3 Rh5 52. R1c6 Rhxh3+ 53. Kg2
Rhg3+ 54. Kf2 Ref3+ 55. Ke2 Rg2+ 56. Ke1 e3 57. Rc8 e2 58. Rh8+ Kg7 59. Rh1 d4 0-1

[Event "Women's Speed Chess Q2"]
[Site "chess.com INT"]
[Date "2020.06.19"]
[Round "9"]
[White "Golubenko, Valentina"]
[Black "Franco Valencia, Beatriz Irene"]
[Result "0-1"]
[WhiteTitle "WGM"]
[BlackTitle "WGM"]
[WhiteElo "2209"]
[BlackElo "2103"]
[WhiteFideId "4501993"]
[BlackFideId "4402618"]
[EventDate "2020.06.19"]

1. d4 d6 2. g3 e5 3. Bg2 Nd7 4. e3 g6 5. Ne2 Bg7 6. O-O Ne7 7. c4 O-O 8. Nbc3 f5
9. e4 Nb6 10. b3 Kh8 11. Bb2 Be6 12. f4 Bg8 13. Nd5 Nbxd5 14. exd5 e4 15. Rc1 a5
16. Qd2 a4 17. b4 Qd7 18. Nc3 a3 19. Ba1 Nc8 20. Nd1 Bf6 21. Ne3 Qg7 22. c5 Ne7
23. cxd6 cxd6 24. Rc7 Rac8 25. Rxb7 Qh6 26. Ra7 Nxd5 27. Rxa3 Nxe3 28. Qxe3 g5
29. fxg5 Bxg5 30. d5+ Rf6 31. Bxf6+ Qxf6 32. Qf2 Rf8 33. h4 Bh6 34. Bxe4 Qe5 35.
Bg2 Bxd5 36. Bxd5 Qxd5 37. Ra5 Qd3 38. Qb2+ Bg7 39. Qf2 Bd4 40. Rxf5 Bxf2+ 41.
R5xf2 Rxf2 42. Rxf2 Qb1+ 43. Kg2 Qxb4 44. Rf8+ Kg7 45. Rf2 d5 46. Re2 d4 47. Kf2
d3 48. Re3 Qd4 49. Kf3 d2 50. Re7+ Kf6 51. Ke2 d1=Q# 0-1

[Event "Women's Speed Chess Q2"]
[Site "chess.com INT"]
[Date "2020.06.19"]
[Round "9"]
[White "Sakorenko, Adriana"]
[Black "Schulze, Lara"]
[Result "1/2-1/2"]
[WhiteTitle "WFM"]
[BlackTitle "FM"]
[WhiteElo "2216"]
[BlackElo "2314"]
[WhiteFideId "34130249"]
[BlackFideId "12956830"]
[EventDate "2020.06.19"]

1. Nf3 Nf6 2. e3 d5 3. Be2 Bf5 4. O-O e6 5. c4 Nbd7 6. Nc3 c6 7. b3 Be7 8. Bb2
O-O 9. Rc1 h6 10. h3 Bh7 11. d4 Re8 12. Ne5 Bd6 13. f4 Ne4 14. Nxe4 Bxe4 15. Bd3
Nf6 16. Bc3 Bxd3 17. Qxd3 Ne4 18. Be1 f6 19. Nf3 a5 20. g4 a4 21. b4 f5 22. gxf5
exf5 23. cxd5 cxd5 24. Qb5 Nf6 25. Ne5 Rc8 26. Bh4 Rxc1 27. Rxc1 Qb8 28. Bxf6
gxf6 29. Nd7 Qd8 30. Nxf6+ Qxf6 31. Qxe8+ Kg7 32. Rc8 Bf8 33. Rc7+ Kg8 34. Qh5
Qe6 35. Rxb7 Qxe3+ 36. Kg2 Qd2+ 37. Kg3 Qe1+ 38. Kg2 Qd2+ 39. Kg3 Qe1+ 40. Kh2
Qf2+ 41. Kh1 Qf1+ 42. Kh2 Qf2+ 43. Kh1 Qf1+ 44. Kh2 Qf2+ 1/2-1/2

[Event "Women's Speed Chess Q2"]
[Site "chess.com INT"]
[Date "2020.06.19"]
[Round "9"]
[White "Juhasz, Barbara"]
[Black "Zhao, Xue"]
[Result "0-1"]
[WhiteTitle "WIM"]
[BlackTitle "GM"]
[WhiteElo "2223"]
[BlackElo "2486"]
[WhiteFideId "743585"]
[BlackFideId "8601283"]
[EventDate "2020.06.19"]

1. e4 Nf6 2. e5 Nd5 3. c4 Nb6 4. d4 d6 5. exd6 exd6 6. h3 Be7 7. Nf3 Bf5 8. Nc3
O-O 9. Be2 Re8 10. O-O Nc6 11. b3 Bf6 12. Be3 a5 13. Rc1 h6 14. d5 Ne5 15. Nd4
Bg6 16. Qd2 Ned7 17. f4 Nc5 18. f5 Bh7 19. Rf3 Nbd7 20. Ncb5 Ne5 21. Rff1 Ne4
22. Qd1 Ng3 23. Rf2 c5 24. dxc6 bxc6 25. Nc3 c5 26. Ndb5 Nxf5 27. Rxf5 Bxf5 28.
Nxd6 Nd3 29. Nxf5 Nxc1 30. Qxc1 Re5 31. g4 Rxe3 32. Qxe3 Bd4 33. Nxd4 cxd4 34.
Qd3 dxc3 35. Qxc3 Rc8 36. Bf3 Qb6+ 37. Kg2 Qb4 38. Qc2 Rd8 39. Bd5 Qc5 40. Qf2
Qd6 41. Qxf7+ Kh8 42. Qe6 Qb4 43. Qf5 Qd2+ 44. Qf2 Qd3 45. Qf3 Qd2+ 46. Qf2 Qd1
47. Qf3 Qc1 48. Qf2 Re8 49. Qf3 Qe1 50. h4 Re2+ 51. Kh3 Re3 0-1

[Event "Women's Speed Chess Q2"]
[Site "chess.com INT"]
[Date "2020.06.19"]
[Round "9"]
[White "Vifleemskaia, Svetlana"]
[Black "Kiran, Manisha Mohanty"]
[Result "0-1"]
[WhiteTitle "WFM"]
[BlackTitle "WGM"]
[WhiteElo "1943"]
[BlackElo "2168"]
[WhiteFideId "4129490"]
[BlackFideId "5019575"]
[EventDate "2020.06.19"]

1. d4 Nf6 2. c4 g6 3. Nc3 d5 4. cxd5 Nxd5 5. Bd2 Bg7 6. e4 Nb6 7. Be3 O-O 8. Bb5
a6 9. Be2 Nc6 10. d5 Ne5 11. Bd4 Nec4 12. Bxg7 Kxg7 13. b3 Nd6 14. Nf3 e6 15.
O-O exd5 16. exd5 Qf6 17. Rc1 Bf5 18. Bc4 Rad8 19. Qd4 Nbxc4 20. bxc4 Qxd4 21.
Nxd4 Bd3 22. c5 Ne4 23. Rfd1 Nxc3 24. Rxc3 Be4 25. c6 b5 26. f3 Bxd5 27. a3 Bc4
28. Kf2 Rd6 29. Ke3 Re8+ 30. Kf2 Red8 31. Ke3 Rxc6 32. Nxc6 Rxd1 33. Nb8 Rd6 34.
a4 Kf6 35. axb5 axb5 36. f4 Ke7 37. g4 Kd8 38. Ra3 b4 39. Ra4 Rb6 40. Rxb4 Rxb4
41. Nc6+ Kd7 42. Nxb4 Kd6 43. Nc2 c5 44. h4 Kd5 45. h5 Bb3 46. Ne1 Bd1 47. hxg6
hxg6 48. g5 c4 49. Ng2 Bg4 50. Ne1 Bf5 51. Ng2 c3 52. Ne1 Kc4 53. Nf3 Kb3 54.
Nd4+ Kb2 0-1